000 01188pam a2200361 a 4500
999 _c402
_d402
001 016959490
003 UkOxU
005 20190809102944.0
008 081105s2009 enka j bq 001 d eng d
015 _aGBA8D6170
_2bnb
020 _a9780198328667 (pbk.)
020 _a0198328664 (pbk.)
035 _a(Uk)014844574
040 _aStDuBDS
_beng
_cStDuBDS
_dUkOxU
042 _aukscp
082 0 4 _a822.33 SHA
_222
100 1 _aShakespeare, William,
_d1564-1616.
_eauthor
245 1 2 _aA midsummer night's dream /
_cedited by Roma Gill.
250 _aNew ed.
260 _aOxford :
_bOxford University Press,
_c2009.
300 _axxiv, 102 p. :
_bill. ;
_c22 cm.
490 1 _aOxford school Shakespeare
500 _aPrevious ed.: 2005.
500 _aIncludes index.
504 _aIncludes bibliographical references and filmography.
600 1 0 _aShakespeare, William,
_d1564-1616.
_tMidsummer night's dream
_vJuvenile literature.
650 0 _aFairy plays.
700 1 _aGill, Roma.
_eEditor
800 1 _aShakespeare, William,
_d1564-1616.
_tPlays (Oxford University Press)
942 _2ddc
_cNFIC
948 _escp